| 000 -LEADER |
| fixed length control field |
01684nam a22003015b 4500 |
| 003 - CONTROL NUMBER IDENTIFIER |
| control field |
AR-BaISA |
| 005 - DATE AND TIME OF LATEST TRANSACTION |
| control field |
20220601190136.0 |
| 007 - PHYSICAL DESCRIPTION FIXED FIELD--GENERAL INFORMATION |
| fixed length control field |
ta |
| 008 - FIXED-LENGTH DATA ELEMENTS--GENERAL INFORMATION |
| fixed length control field |
940530s1993 sp ad |||1 ||spa d |
| 020 ## - INTERNATIONAL STANDARD BOOK NUMBER |
| International Standard Book Number |
8431106263 |
| 020 ## - INTERNATIONAL STANDARD BOOK NUMBER |
| International Standard Book Number |
9788431106263 |
| 040 ## - CATALOGING SOURCE |
| Transcribing agency |
AR-BaISA |
| 082 04 - DEWEY DECIMAL CLASSIFICATION NUMBER |
| Edition number |
22 |
| Classification number |
613 H311 |
| 100 10 - MAIN ENTRY--PERSONAL NAME |
| Personal name |
Hawe, Penelope |
| 9 (RLIN) |
378 |
| 245 10 - TITLE STATEMENT |
| Title |
Evaluación en promoción de la salud |
| Medium |
[Texto impreso]: |
| Remainder of title |
guía para trabajadores de la salud / |
| Statement of responsibility, etc. |
Penelope Hawe, Deirdre Degeling y Jane Hall |
| 260 ## - PUBLICATION, DISTRIBUTION, ETC. |
| Place of publication, distribution, etc. |
Barcelona: |
| Name of publisher, distributor, etc. |
Masson, |
| Date of publication, distribution, etc. |
1993 |
| 300 ## - PHYSICAL DESCRIPTION |
| Extent |
XX, 262 p.: |
| Other physical details |
il., graf.; |
| Dimensions |
21 cm |
| 490 1# - SERIES STATEMENT |
| Serie |
Colección de planificación y gestión sanitaria |
| 504 ## - BIBLIOGRAPHY, ETC. NOTE |
| Bibliography, etc. note |
Bibliografía al final de cada capítulo |
| 504 ## - BIBLIOGRAPHY, ETC. NOTE |
| Bibliography, etc. note |
Índice analítico p: 259-262 |
| 505 ## - FORMATTED CONTENTS NOTE |
| Title |
Pensar en la evaluación antes de iniciar el programa -- |
| -- |
Valorar las necesidades. ¿Qué problemas debe abordar el programa? -- |
| -- |
Planificar el programa -- |
| -- |
Lo primero que ha de medirse: evaluación del proceso -- |
| -- |
Valoración de la evaluación: preparar la valoración de los efectos del programa -- |
| -- |
Evaluación del impacto y de los resultados: valorar los efectos del programa-- |
| -- |
Métodos de encuesta y diseño de cuestionarios -- |
| -- |
Cómo revisar la bibliografía -- |
| -- |
Cómo conducir un grupo focal -- |
| -- |
Elección de instrumentos de medición en promoción de la salud -- |
| -- |
Obtener ayuda: localizar y trabajar con consultores |
| 650 14 - SUBJECT ADDED ENTRY--TOPICAL TERM |
| Topical term or geographic name entry element |
Promoción de la salud |
| General subdivision |
evaluación |
| 9 (RLIN) |
343 |
| 650 14 - SUBJECT ADDED ENTRY--TOPICAL TERM |
| Topical term or geographic name entry element |
Planes y programas de salud |
| General subdivision |
evaluación |
| 9 (RLIN) |
19 |
| 700 1# - ADDED ENTRY--PERSONAL NAME |
| Personal name |
Degeling, Deirdre |
| Relator term |
aut. |
| 9 (RLIN) |
380 |
| 700 1# - ADDED ENTRY--PERSONAL NAME |
| Personal name |
Hall, Jane |
| Relator term |
aut |
| 9 (RLIN) |
381 |
| 830 #0 - SERIES ADDED ENTRY--UNIFORM TITLE |
| 9 (RLIN) |
379 |
| Uniform title |
Colección de planificación y gestión sanitaria |
| 942 ## - ADDED ENTRY ELEMENTS (KOHA) |
| Source of classification or shelving scheme |
|
| Koha item type |
Libros |